Những câu chuyện pháp luật

Tallennettuna:
Bibliografiset tiedot
Päätekijä: Bùi, Xuân Đính
Aineistotyyppi: Kirja
Kieli:Undetermined
Julkaistu: Hà Nội Tư Pháp 2005
Aiheet:
Tagit: Lisää tagi
Ei tageja, Lisää ensimmäinen tagi!
Thư viện lưu trữ: Trung tâm Học liệu Trường Đại học Cần Thơ
LEADER 00573nam a2200205Ia 4500
001 CTU_105178
008 210402s9999 xx 000 0 und d
020 |c 24500 
082 |a 342.597 
082 |b Đ312/T.1 
100 |a Bùi, Xuân Đính 
245 0 |a Những câu chuyện pháp luật 
245 0 |c Bùi Xuân Đính 
260 |a Hà Nội 
260 |b Tư Pháp 
260 |c 2005 
650 |a Administrative law,Constitutions,state 
650 |z Vietnam 
904 |i Nguyên 
980 |a Trung tâm Học liệu Trường Đại học Cần Thơ